[Event "FRA-ch U18"]
[Site "Montbeliard"]
[Date "2014.04.22"]
[Round "3"]
[White "Laverdet, Tristan"]
[Black "Viennot, Dylan"]
[Result "0-1"]
[WhiteElo "2036"]
[BlackElo "2223"]
[PlyCount "90"]
[EventDate "2014.04.21"]
[EventType "swiss"]
[EventRounds "9"]
[EventCountry "FRA"]
[SourceTitle "CBM 160 Extra"]
[Source "ChessBase"]
[SourceDate "2014.07.01"]
[SourceVersion "1"]
[SourceVersionDate "2014.07.01"]
[SourceQuality "1"]

1. e4 e6 2. d4 d5 3. Nd2 Be7 4. Ngf3 Nf6 5. Bd3 c5 6. c3 Nc6 7. 0-0 a5 8. Re1 cxd4 9. cxd4 Qb6 10. exd5 Nxd5 11. Nc4 Qa7 12. Nce5 0-0 13. Nxc6 bxc6 14. Ne5 Bd7 15. Qh5 f5 16. Qe2 Bf6 17. Bd2 Bxe5 18. Qxe5 Qb8 19. b3 a4 20. Bc4 Qxe5 21. Rxe5 axb3 22. Bxb3 Rfb8 23. Rc1 Kf7 24. h3 Rb6 25. Rc5 Kf6 26. Kf1 Bc8 27. Re1 Ba6+ 28. Kg1 Bb5 29. h4 h6 30. Rec1 Ba4 31. Ba5 Bxb3 32. Bxb6 Rxa2 33. Bd8+ Kf7 34. Rxc6 Nf4 35. Rb1 Bd5 36. Rc7+ Kg6 37. h5+ Nxh5 38. Rc3 Kh7 39. Bc7 g5 40. Be5 Kg6 41. Rb8 f4 42. Rg8+ Kf5 43. Rf8+ Kg4 44. Rh3 f3 45. Rxh5 Ra1+ 0-1

[Event "FRA-ch U16"]
[Site "Saint Paul Trois Chateaux"]
[Date "2013.04.30"]
[Round "3"]
[White "Purenne, Benoit"]
[Black "Laverdet, Tristan"]
[Result "1-0"]
[WhiteElo "2250"]
[BlackElo "2000"]
[PlyCount "47"]
[EventDate "2013.04.28"]
[EventType "swiss"]
[EventRounds "9"]
[EventCountry "FRA"]
[SourceTitle "CBM 154 Extra"]
[Source "ChessBase"]
[SourceDate "2013.06.25"]
[SourceVersion "2"]
[SourceVersionDate "2013.06.25"]
[SourceQuality "1"]

1. d4 f5 2. g3 Nf6 3. Bg2 g6 4. c4 Bg7 5. Nf3 d6 6. 0-0 0-0 7. Nc3 Qe8 8. Re1 Qf7 9. e4 Nxe4 10. Nxe4 fxe4 11. Rxe4 Bf5 12. Ng5 Qf6 13. Rh4 h6 14. Bd5+ Kh8 15. Nf3 g5 16. Bxg5 Qg6 17. Bxb7 d5 18. Bf4 Nd7 19. Bxa8 Rxa8 20. Qd2 Be4 21. Ne5 Nxe5 22. Bxe5 Kh7 23. Bxg7 Kxg7 24. Qf4 1-0

[Event "Wasselonne op"]
[Site "Wasselonne"]
[Date "2012.08.05"]
[Round "7"]
[White "Adrian, Claude"]
[Black "Laverdet, Tristan"]
[Result "1-0"]
[WhiteElo "2263"]
[BlackElo "1925"]
[PlyCount "57"]
[EventDate "2012.08.02"]
[EventType "swiss"]
[EventRounds "7"]
[EventCountry "FRA"]
[SourceTitle "CBM 149 Extra"]
[Source "ChessBase"]
[SourceDate "2012.08.24"]
[SourceVersion "1"]
[SourceVersionDate "2012.08.24"]
[SourceQuality "1"]

1. Nf3 f5 2. d4 Nf6 3. g3 g6 4. Bg2 Bg7 5. c4 0-0 6. 0-0 d6 7. Nc3 c6 8. Re1 Qe8 9. e4 fxe4 10. Nxe4 Nxe4 11. Rxe4 Bf5 12. Re1 Qf7 13. Bf4 h6 14. h4 Bg4 15. Qd2 Bxf3 16. Bxf3 g5 17. hxg5 hxg5 18. Bg4 e5 19. Bxg5 Qxc4 20. Rac1 Qxa2 21. dxe5 Bxe5 22. f4 Qxb2 23. fxe5 Qxd2 24. Bxd2 dxe5 25. Rxe5 Na6 26. Re7 Rfd8 27. Be6+ Kf8 28. Rf7+ Ke8 29. Bg5 1-0

[Event "FRA-ch U16"]
[Site "Nimes"]
[Date "2012.04.15"]
[Round "3"]
[White "Laverdet, Tristan"]
[Black "Giroyan, Gary"]
[Result "0-1"]
[WhiteElo "1964"]
[BlackElo "2364"]
[PlyCount "90"]
[EventDate "2012.04.14"]
[EventType "swiss"]
[EventRounds "9"]
[EventCountry "FRA"]
[SourceTitle "CBM 148 Extra"]
[Source "ChessBase"]
[SourceDate "2012.06.22"]
[SourceVersion "1"]
[SourceVersionDate "2012.06.22"]
[SourceQuality "1"]

1. e4 c5 2. Nf3 e6 3. d4 cxd4 4. Nxd4 d6 5. Nc3 a6 6. Be3 b5 7. a3 Bb7 8. Qd2 Nf6 9. f3 Nbd7 10. Be2 Rc8 11. 0-0 Be7 12. Rfd1 0-0 13. Qe1 Qc7 14. g4 Nb6 15. g5 Nfd7 16. Qg3 Rfe8 17. h4 d5 18. Qxc7 Rxc7 19. exd5 Nxd5 20. Nxd5 Bxd5 21. c3 Ne5 22. Bf4 Bd6 23. Kf2 Nd3+ 24. Bxd3 Bxf4 25. a4 bxa4 26. Bxa6 Rb8 27. Rxa4 Rxb2+ 28. Ne2 Bd6 29. c4 Bc5+ 30. Kg3 Bc6 31. Rd8+ Bf8 32. Bb5 Bb7 33. Nd4 e5 34. Nf5 Rb3 35. Ra7 Rxf3+ 36. Kg4 Rf4+ 37. Kg3 Rxf5 38. Ba6 Rf3+ 39. Kh2 Rc8 40. Rxc8 Bxc8 41. Bxc8 Rf4 42. Rc7 e4 43. Rd7 e3 44. Rd3 Re4 45. Rd1 e2 0-1

[Event "Alsace-Baden m"]
[Site "Gambsheim"]
[Date "2011.09.18"]
[Round "?"]
[White "Laverdet, Tristan"]
[Black "Mueller, Rudolf"]
[Result "0-1"]
[WhiteElo "1964"]
[BlackElo "2190"]
[PlyCount "38"]
[EventDate "2011.09.18"]
[EventType "team-match"]
[EventRounds "1"]
[EventCountry "FRA"]
[SourceTitle "CBM 144 Extra"]
[Source "ChessBase"]
[SourceDate "2011.10.28"]
[SourceVersion "1"]
[SourceVersionDate "2011.10.28"]
[SourceQuality "1"]
[WhiteTeam "Alsace"]
[BlackTeam "Baden"]
[WhiteTeamCountry "FRA"]
[BlackTeamCountry "GER"]

1. e4 e5 2. f4 Bc5 3. Nf3 Nc6 4. Bc4 d6 5. d3 Bg4 6. h3 Bxf3 7. Qxf3 Nd4 8. Qg3 Nxc2+ 9. Kd1 Nxa1 10. fxe5 Qe7 11. Qxg7 Qxe5 12. Qxf7+ Kd8 13. Qf8+ Qe8 14. Bg5+ Kd7 15. Qf5+ Kc6 16. d4 Ne7 17. Qf6 Bxd4 18. Qxd4 Qh5+ 19. g4 Qxg5 0-1

[Event "FRA-ch U14"]
[Site "Montlucon"]
[Date "2011.04.22"]
[Round "7"]
[White "Viennot, Dylan"]
[Black "Laverdet, Tristan"]
[Result "1-0"]
[WhiteElo "2076"]
[BlackElo "1900"]
[PlyCount "87"]
[EventDate "2011.04.17"]
[EventType "swiss"]
[EventRounds "9"]
[EventCountry "FRA"]
[SourceTitle "CBM 142 Extra"]
[Source "ChessBase"]
[SourceDate "2011.06.27"]
[SourceVersion "1"]
[SourceVersionDate "2011.06.27"]
[SourceQuality "1"]

1. Nc3 c5 2. Nf3 Nc6 3. e4 e6 4. Bb5 Nge7 5. 0-0 a6 6. Bxc6 Nxc6 7. d4 cxd4 8. Nxd4 Qc7 9. Re1 b5 10. a3 Bb7 11. Bg5 f6 12. Be3 Na5 13. Qh5+ g6 14. Qh4 Bg7 15. Rad1 Nc4 16. Bc1 0-0 17. b3 Ne5 18. Bb2 Nc6 19. Nde2 Rac8 20. Rd2 Ne7 21. Red1 Rfd8 22. a4 bxa4 23. Nxa4 g5 24. Qg4 h5 25. Qxh5 Bxe4 26. h4 Bg6 27. Qg4 gxh4 28. Qxh4 Kf7 29. Nf4 Rh8 30. Qg3 d5 31. Ba3 Bh6 32. Rd4 Bxf4 33. Rxf4 Qxc2 34. Re1 Qd2 35. Bb4 Qd3 36. Rf3 Qc2 37. Qd6 Ng8 38. Qxe6+ Kg7 39. Bc3 Rf8 40. Qxd5 Bf7 41. Qb7 Kg6 42. Nc5 Rh5 43. Nd7 Bd5 44. Nxf8+ 1-0

[Event "FRA-ch U12"]
[Site "Aix les Bains"]
[Date "2009.04.21"]
[Round "4"]
[White "Charvein, Gabriel"]
[Black "Laverdet, Tristan"]
[Result "1/2-1/2"]
[WhiteElo "1600"]
[BlackElo "1720"]
[PlyCount "88"]
[EventDate "2009.04.19"]
[EventType "swiss"]
[EventRounds "9"]
[EventCountry "FRA"]
[SourceTitle "CBM 130 Extra"]
[Source "ChessBase"]
[SourceDate "2009.07.02"]
[SourceVersion "2"]
[SourceVersionDate "2009.07.15"]
[SourceQuality "1"]

1. d4 Nf6 2. c4 e6 3. a3 c5 4. dxc5 Bxc5 5. b4 Bb6 6. Bb2 0-0 7. e3 Nc6 8. Nd2 d5 9. c5 Bc7 10. Ngf3 Qe7 11. Bd3 e5 12. Bc2 Bg4 13. h3 Bh5 14. Qb1 Rfd8 15. 0-0 e4 16. Nd4 Qe5 17. g3 Qg5 18. Kg2 Ne5 19. Bd1 Bxd1 20. Qxd1 Nd3 21. Bc3 Nh5 22. Qg4 Qxg4 23. hxg4 Nf6 24. g5 Ng4 25. Nf5 g6 26. Nh6+ Nxh6 27. gxh6 f5 28. Nb3 Kf7 29. Nc1 Ne5 30. Ne2 b6 31. cxb6 axb6 32. Nf4 Nc4 33. a4 Bxf4 34. gxf4 Rdc8 35. Bd4 Ke6 36. Rfc1 Kd7 37. Kf1 Nd2+ 38. Ke2 Nb3 39. Rxc8 Nxd4+ 40. exd4 Rxc8 41. a5 Ra8 42. a6 b5 43. Kd2 Kc6 44. Rc1+ Kd6 1/2-1/2